Life on Mars - David Bowie - Statistics

General Stats
  • This quiz has been taken 127 times
  • The average score is 215 of 257
Answer Stats
Answer % Correct
be
100%
I
100%
the
100%
a
99%
is
99%
Is
99%
it
99%
To
99%
to
99%
go
97%
her
97%
with
97%
And
96%
and
96%
on
96%
It’s
94%
life
94%
Mars?
94%
“No!”
94%
there
94%
hair
93%
show
93%
But
92%
girl
92%
has
92%
in
92%
look
92%
See
92%
mousy
90%
she
90%
She
90%
up
90%
awful
89%
God
89%
man,
89%
seen
89%
told
89%
As
88%
daddy
88%
Now
88%
affair
86%
at
86%
best
86%
selling
86%
small
86%
ten
86%
times
86%
wrong
86%
yelling
86%
of
85%
Oh
85%
or
85%
beating
83%
Beating
83%
cavemen
83%
film
83%
guy
83%
more
83%
Sailors
83%
she’s
83%
dream
82%
ever
82%
screen
82%
ask
81%
know
81%
silver
81%
those
81%
focus
79%
freakiest
79%
friend
79%
if
79%
Mickey
79%
Mouse
79%
mummy
79%
nowhere
79%
view
79%
wonder
79%
dance
78%
fighting
78%
walks
78%
bore
76%
clearest
76%
hooked
76%
Take
76%
through
76%
eyes
75%
hall
75%
he’ll
75%
mother,
75%
‘Cause
74%
sunken
74%
could
72%
fools
72%
cow
71%
saddening
71%
they
71%
He’s
69%
he’s
69%
spit
69%
again
68%
For
68%
for
68%
lawman
68%
my
68%
grown
67%
seat
65%
dog
64%
about
61%
million
61%
sale
61%
their
61%
writ
61%
lived
58%
mice
57%
wrote
57%
struck
56%
workers
56%
clowns
54%
brow
53%
Lennon’s
53%
out
53%
America’s
51%
Because
51%
fame
51%
tortured
50%
Britannia
49%
bounds
47%
From
47%
have
47%
That
47%
Rule
44%
Ibiza
40%
Norfolk
39%
Broads
38%
you
38%
hordes
31%
No matching quizzes found
Score Distribution
Percent of People with Each Score
Percentile by Number Answered
Your Score History
You have not taken this quiz